000 00531cas a22001815a 4500
001 L130944
008 050920n19311962xxkqr p 0 a0eng u
035 _a(Sirsi) u130944
041 0 _aeng
245 0 0 _aEmpire Survey Review
260 _aLondon
_bCrown Agents for the Colonies
_c1931-1962
362 _a1(1) July 1931-16(126) October 1962
554 _aFour per year
651 4 _aInternational
690 _aENVIRONMENTAL AND LAND CONSULTANCY-GEOMATICS-LAND SURVEYING
785 0 0 _tSurvey Review
_x0039-6265
942 _n0
999 _c118814
_d118814